000 00677nam a2200217Ii 4500
001 14940
003 CO-ViMGA
008 241108s9999||||xx |||||||||||||| ||und||
020 _a9789588454009
040 _aCO-ViMGA
_bspa
_erda
_cCO-ViMGA
041 0 _aspa
082 0 4 _a330.90112 D43c
100 1 _aWim Dierchxsens
_952704
245 1 0 _aLa crisis mundial del siglo XXI :
_boportunidad de transición al poscapitalismo
264 1 _aBogotá, Colombia : Ediciones desde abajo, 2008
300 _avolumen
336 _atext
_btxt
_2rdacontent
337 _aunmediated
_bn
_2rdamedia
338 _avolume
_bnc
_2rdacarrier
940 _aidficha_siabuc: 14630. -- ficha_no_siabuc:14940
999 _c47510
_d47510